Lysosomal cysteine proteases
This volume examines each known cathepsin in turn, examining gene structure and localization; precursors, purification, activation and inhibition; and hydrolysis of synthetic substrates, polypeptides and proteins.
Zapisane w:
| 1. autor: | |
|---|---|
| Format: | Książka |
| Język: | Undetermined |
| Wydane: |
New York
Oxford University Press
1998
|
| Hasła przedmiotowe: | |
| Etykiety: |
Dodaj etykietę
Nie ma etykietki, Dołącz pierwszą etykiete!
|
| Thư viện lưu trữ: | Trung tâm Học liệu Trường Đại học Cần Thơ |
|---|
| LEADER | 00756nam a2200193Ia 4500 | ||
|---|---|---|---|
| 001 | CTU_192288 | ||
| 008 | 210402s9999 xx 000 0 und d | ||
| 082 | |a 572.76 | ||
| 082 | |b K61 | ||
| 100 | |a Kirschke, Heidrun | ||
| 245 | 0 | |a Lysosomal cysteine proteases | |
| 245 | 0 | |c Heidrun Kirschke, Alan J. Barrett, and Neil D. Rawlings | |
| 260 | |a New York | ||
| 260 | |b Oxford University Press | ||
| 260 | |c 1998 | ||
| 520 | |a This volume examines each known cathepsin in turn, examining gene structure and localization; precursors, purification, activation and inhibition; and hydrolysis of synthetic substrates, polypeptides and proteins. | ||
| 650 | |a Lysosomes,Tiêu bào | ||
| 910 | |a Hải | ||
| 980 | |a Trung tâm Học liệu Trường Đại học Cần Thơ | ||